| 000 | 01468nam a2200409 a 4500 | ||
|---|---|---|---|
| 001 | 000112654 | ||
| 003 | CHAP | ||
| 005 | 20220329144316.0 | ||
| 008 | 160823s2011 enka |r| ||||||eng d | ||
| 010 | _a109115 | ||
| 011 | _a110087 | ||
| 020 | _a978-0-9933113-1-4 (v.9) | ||
| 020 | _a9780953813483 (v.7) | ||
| 040 | _cCHAP | ||
| 082 | 0 | 0 |
_a583.470972 _bH55y |
| 100 | 1 |
_aHernández, Héctor M. _9131078 |
|
| 245 | 1 | 0 |
_aMapping the cacti of Mexico : _btheir geographical distribution based on referenced records / _cpor Héctor M. Hernández y Carlos Gómez-Hinostrosa. |
| 260 |
_aEngland : _bMissouri Botanical Garden, _c2011. |
||
| 300 |
_av. : _bil. |
||
| 500 | _aLa biblioteca tiene: v.7 -- v.9 parte 2. Mammillaria | ||
| 590 |
_aBATCH-UPD _b05 _c20160823 _lUCH01 _h1001 |
||
| 590 |
_aE11695DGD _b10 _c20161107 _lUCH01 _h0919 |
||
| 590 |
_aE11695DGD _b10 _c20161107 _lUCH01 _h0921 |
||
| 590 |
_aE11695DGD _b10 _c20161107 _lUCH01 _h0948 |
||
| 590 |
_aE11695DGD _b10 _c20161107 _lUCH01 _h0949 |
||
| 590 |
_aE5765TAJ _b05 _c20160823 _lUCH01 _h1000 |
||
| 590 |
_aE5765TAJ _b05 _c20160823 _lUCH01 _h1224 |
||
| 590 |
_aE5765TAJ _b05 _c20160823 _lUCH01 _h1224 |
||
| 650 | 1 | 4 |
_aCactus _xIdentificación. _9131082 |
| 650 | 1 | 4 |
_aCactus _zMéxico. _9131080 |
| 650 | 1 | 4 |
_aCartografía. _919644 |
| 700 | 1 |
_aGómez-Hinostrosa, Carlos _9131079 |
|
| 710 | 0 |
_aComisión Nacional para el Conocimiento y Uso de la Biodiversidad. _925821 |
|
| 901 | _aBK | ||
| 942 | _cLIBRO | ||
| 942 | _n0 | ||
| 999 |
_c109115 _d109115 |
||